¡No!, dijo el pequeño monstruo / (Record no. 171303)

MARC details
000 -CABECERA
campo de control de longitud fija 00831nam a2200241 u 4500
005 - FECHA Y HORA DE LA ÚLTIMA TRANSACCIÓN
campo de control 20240503063709.0
008 - ELEMENTOS DE LONGITUD FIJA--INFORMACIÓN GENERAL
campo de control de longitud fija 140827s2010 r 000 0 eng d
020 ## - NÚMERO INTERNACIONAL NORMALIZADO PARA LIBROS
Número Internacional Estándar del Libro 9788448830021
035 ## - NÚMERO DE CONTROL DEL SISTEMA
Número de control de sistema UPN01000199202
049 ## - COLECCIÓN
Colección I
050 #4 - SIGNATURA TOPOGRÁFICA DE LA BIBLIOTECA DEL CONGRESO
Número de clasificación PZ57
Número de documento/Ítem G8.6
100 1# - ASIENTO PRINCIPAL--NOMBRE PERSONAL
Nombre de persona Güettler, Kalle,
Fechas asociadas al nombre 1949-
9 (RLIN) 36081
245 11 - MENCIÓN DE TÍTULO
Título ¡No!, dijo el pequeño monstruo /
Mención de responsabilidad, etc. Kalle Güettler, Rakel Helmsdal, Aslaug Jónsdóttir ; tr. Úa Matthiasdóttir.
260 ## - PUBLICACIÓN, DISTRIBUCIÓN, ETC.
Lugar de publicación, distribución, etc. Barcelona, Esp. :
Nombre del editor, distribuidor, etc. Beascoa,
Fecha de publicación, distribución, etc. 2010.
300 ## - DESCRIPCIÓN FÍSICA
Extensión [31] p. :
Otras características físicas principalmente il. col.
534 ## - NOTA SOBRE LA VERSIÓN ORIGINAL
Frase introductoria Título original:
Mención de título del original Nei! sagdi litla skrimslid
650 #4 - ASIENTO SECUNDARIO DE MATERIA - TERMINO TEMATICO
Término de materia o nombre geográfico como elemento de entrada CUENTOS INFANTILES SUECOS
9 (RLIN) 23422
650 #4 - ASIENTO SECUNDARIO DE MATERIA - TERMINO TEMATICO
Término de materia o nombre geográfico como elemento de entrada Monstruos
Subdivisión de forma Literatura infantil
9 (RLIN) 4410
700 1# - ASIENTO SECUNDARIO--NOMBRE DE PERSONAL
Nombre de persona Helmsdal, Rakel,
Término indicativo de función/relación coaut.
700 1# - ASIENTO SECUNDARIO--NOMBRE DE PERSONAL
Nombre de persona Jónsdóttir, Aslaug,
Término indicativo de función/relación coaut.
905 ## - TIPO DE MATERIAL
Tipo de material Infantil
Holdings
Estado de retiro Estado de pérdida Fuente del sistema de clasificación o colocación Estado dañado No para préstamo Código de colección Localización permanente Ubicación/localización actual Ubicación en estantería Fecha de adquisición Total de préstamos Clasificación Código de barras Fecha visto por última vez Fecha del último préstamo Número de copia Tipo de ítem Koha
    Library of Congress Classification     Infantil Bib. Gregorio Torres Quintero Bib. Gregorio Torres Quintero Sala infantil Planta baja 10/05/2023 6 PZ57 G8.6 298178 16/08/2023 03/08/2023 1 Libro